Statystyki dla Losowe państwa Europy na podstawie powierzchni

Kliknij tutaj aby rozwiązać quiz!

Ogólne statystyki

  • Ten quiz został rozwiązany 29 razy
  • Średni wynik to 14 z 20

Statystyki odpowiedzi

PowierzchniaPodpowiedźPaństwo% Poprawnych
65,3Europa WschodniaLitwa
100%
385,2NordyckieNorwegia
100%
242,5Wyspy brytyjskieWielka Brytania
100%
25,7BałkanyMacedonia Północna
90%
0,0004MikropaństwoWatykan
90%
207,6Europa WschodniaBiałoruś
89%
603,5Europa WschodniaUkraina
89%
312,7Europa ŚrodkowaPolska
88%
92,2Europa ZachodniaPortugalia
86%
42,9NordyckieDania
83%
2,6BeneluxLuksemburg
83%
30,7BeneluxBelgia
82%
17125,0Europa WschodniaRosja
82%
41,9BeneluxHolandia (Niderlandy)
80%
0,002MikropaństwoMonako
78%
70,3Wyspy brytyjskieIrlandia
77%
0,5MikropaństwoAndora
75%
56,6BałkanyChorwacja
75%
78,9Europa ŚrodkowaCzechy
75%
357,1Europa ŚrodkowaNiemcy
75%
83,9Europa ŚrodkowaAustria
70%
544,0Europa ZachodniaFrancja
70%
0,06MikropaństwoSan Marino
69%
28,7BałkanyAlbania
67%
51,2BałkanyBośnia i Hercegowina
67%
13,9BałkanyCzarnogóra
67%
447,4NordyckieSzwecja
67%
110,4BałkanyBułgaria
64%
390,9NordyckieFinlandia
64%
10,9BałkanyKosowo
64%
505,9Europa ZachodniaHiszpania
63%
45,3Europa WschodniaEstonia
60%
132,0BałkanyGrecja
60%
41,3Europa ZachodniaSzwajcaria
60%
20,3BałkanySłowenia
58%
103,0NordyckieIslandia
57%
77,6BałkanySerbia
57%
0,2MikropaństwoLiechtenstein
50%
64,6Europa WschodniaŁotwa
50%
0,3MikropaństwoMalta
50%
93,0Europa ŚrodkowaWęgry
50%
302,1Europa ZachodniaWłochy
50%
33,8BałkanyMołdawia
44%
238,4BałkanyRumunia
44%
49,0Europa ŚrodkowaSłowacja
44%

Rozkład punktacji

Percentyl według liczby udzielonych odpowiedzi

Procent ludzi z każdym wynikiem

Twoja historia wyników

Nie rozwiązałeś tego quizu